000 00772nam a2200205 a 4500
001 000033336
005 20240409073643.0
008 110824s1955 dr 000 0 spa d
040 _aDO-SdBNP
_bspa
_cBNPHU
082 _a282.7293
_bC422t
100 1 _aCestero-Burgos, Tulio,
_d1902-
_945116
245 1 0 _aTrujillo y el cristianismo /
_cTulio Cestero-Burgos.
260 _aCiudad Trujillo, República Dominicana :
_bAtenas,
_c1955.
300 _a100 p. ;
_c22 cm.
590 _aInventariado, 2019/BT
600 1 0 _aTrujillo Molina, Rafael Leónidas,
_d 1891-1961
_976764
650 4 _aIglesia católica
_zRepública Dominicana
_xHistoria
_ySIGLO XX
_912043
650 4 _aIglesia y estado en república dominicana
_xSiglo xx
_912044
910 _aValidado. Control de calidad. EMS
999 _c32827
_d32827